Normal view
MARC view
- MIKSCHE, F. Q
Entry Personal Name
001 - CONTROL NUMBER
- control field: 60336
003 - CONTROL NUMBER IDENTIFIER
- control field: NUST
005 - DATE AND TIME OF LATEST TRANSACTION
- control field: 20210628202526.0
008 - FIXED-LENGTH DATA ELEMENTS
- fixed length control field: 210628|| aca||aabn | a|a d
040 ## - CATALOGING SOURCE
- Original cataloging agency: NUST
- Transcribing agency: NUST
100 ## - HEADING--PERSONAL NAME
- Personal name: MIKSCHE, F. Q
670 ## - SOURCE DATA FOUND
- Source citation: Work cat.: (NUST): MIKSCHE, F. Q, THE FAILURE OF ATOMIC STRATEGY A NEW PROPOSAL FOR THE DEFENCE OF THE WEST, 1959
